000 00196nmm a2200085Ia 4500
008 220120s9999||||xx |||||||||||||||||und||
100 _aHubbard, Ron, L
245 0 _aProblems of work
260 _c2005
999 _c139352
_d139352